000 01111cam a2200361Ia 4500
001 98512
005 20230410132910.0
008 931019s1992 ag b 000 0 spa d
035 _a(OCoLC)ocm29050361
040 _aBGC
_cBGC
_dOCL
_dOCLCG
_dVVW
020 _a9500810387
020 _a9789500810388
035 _a(OCoLC)29050361
041 1 _aspa
_heng
043 _ae-uk---
050 1 4 _aB QC 16
_bH392W 1992
082 0 0 _a530/.092
049 _aGRAL
100 1 _aWhite, Michael,
_d1959-
245 1 0 _aStephen Hawking :
_buna vida para la ciencia /
_c[Michael White, John Gribbin] ; traducción, Domingo Santos.
260 _aBuenos Aires :
_bAtlántida,
_c1992.
300 _a302 p. ;
_c23 cm.
500 _aTraducido del idioma original: A life in science
504 _aIncludes bibliographical references (p. [297]-302).
600 1 0 _aHawking, S. W.
_q(Stephen W.)
650 0 _aAstrophysics.
650 0 _aPhysicists
_zGreat Britain
_vBiography.
650 4 _aCES
650 4 _aColección Enriquillo Sánchez
700 1 _aGribbin, John R.
942 _2lcc
_cbk
994 _aC0
_bDRFGD
999 _c89807
_d89807